Cultura replicante: el orden semiocentrista

Saved in:
Bibliografiske detaljer
Hovedforfatter: Esté, Aquiles (Author)
Format: Bog
Sprog:spansk
Udgivet: Barcelona Gedisa 1997
Serier:Comunicación y Ciencias Cognitivas
Fag:
Tags: Tilføj Tag
Ingen Tags, Vær først til at tagge denne postø!

MARC

LEADER 00000nam a2200000 a 4500
001 UCM9680
003 CL-VaPUC
008 030509e19970000SP |||||||||||||||||spa|d
082 0 4 |a 302  |b EST  |2 21 
100 0 |a Esté, Aquiles  |e author  |9 476214 
245 1 0 |a Cultura replicante: el orden semiocentrista 
300 |a 221 p 
942 |c BK 
945 |d 20030509 00:00:00  |a cmena 
260 |a Barcelona  |b Gedisa  |c 1997 
650 0 |a Psicología social   |9 222894 
650 0 |a Antropología social  |9 306264 
650 0 |a Semiótica  |9 265317 
650 0 |a Psicolingüística   |9 283371 
583 |a last modification  |c 20030509 00:00:00  |k Rodrigo Vera 
490 0 |a Comunicación y Ciencias Cognitivas 
999 |c 303824  |d 303822 
952 |0 0  |1 0  |4 0  |6 302_000000000000000_EST_1997  |7 0  |8 A  |9 365391  |a BIBEDU  |b BIBEDU  |d 2019-11-21  |i 3902153  |o 302 EST 1997  |p 3902153  |r 2019-11-21  |w 2019-11-21  |y BK  |k PSI 
952 |0 0  |1 0  |4 0  |6 302_000000000000000_EST_1997  |7 0  |8 A  |9 365392  |a FDOPOS  |b FDOPOS  |d 2019-11-21  |i 3906035  |o 302 EST 1997  |p 3906035  |r 2025-01-22  |w 2019-11-21  |y BK  |k MLH